Loading...
| Current Events | 2 | 25.00 | 100% | 100% | 50% |
| Fine Arts - Classical Music | 5 | 10.00 | 80% | 20% | 0% |
| Fine Arts - Other Fine Arts | 4 | 15.00 | 75% | 50% | 25% |
| Fine Arts - Painting and Sculpture | 6 | 15.00 | 100% | 50% | 0% |
| Geography | 1 | 10.00 | 100% | 0% | 0% |
| History - American History | 8 | 16.25 | 88% | 50% | 25% |
| History - European History | 8 | 15.00 | 100% | 38% | 13% |
| History - Other History | 4 | 15.00 | 100% | 25% | 25% |
| History - World History | 10 | 13.00 | 100% | 30% | 0% |
| Literature - American Literature | 9 | 16.67 | 100% | 67% | 0% |
| Literature - British Literature | 7 | 14.29 | 86% | 43% | 14% |
| Literature - European Literature | 6 | 15.00 | 100% | 33% | 17% |
| Literature - World Literature | 6 | 13.33 | 100% | 33% | 0% |
| Mythology | 7 | 17.14 | 100% | 57% | 14% |
| Other Academic | 1 | 20.00 | 100% | 100% | 0% |
| Philosophy | 5 | 10.00 | 60% | 40% | 0% |
| Pop Culture | 1 | 10.00 | 100% | 0% | 0% |
| Religion | 8 | 11.25 | 75% | 38% | 0% |
| Science - Biology | 6 | 11.67 | 100% | 17% | 0% |
| Science - Chemistry | 6 | 10.00 | 100% | 0% | 0% |
| Science - Other Science | 4 | 10.00 | 75% | 25% | 0% |
| Science - Physics | 8 | 7.50 | 75% | 0% | 0% |
| Social Science | 10 | 14.00 | 90% | 40% | 10% |